<?xml version="1.0" encoding="UTF-8"?>
<collection xmlns="http://www.loc.gov/MARC21/slim">
 <record>
  <leader>01565nam a2200301   4500</leader>
  <controlfield tag="001">1/14723</controlfield>
  <controlfield tag="008">990625s1995    gr        b   001 0 gre d</controlfield>
  <datafield tag="035" ind1=" " ind2=" ">
   <subfield code="l">15212</subfield>
  </datafield>
  <datafield tag="040" ind1=" " ind2=" ">
   <subfield code="a">GR-PeUP</subfield>
  </datafield>
  <datafield tag="082" ind1="0" ind2="0">
   <subfield code="a">332.09 ΕΛ</subfield>
  </datafield>
  <datafield tag="245" ind1="0" ind2="3">
   <subfield code="a">Το Ελληνικό χρηματοπιστωτικό σύστημα :</subfield>
   <subfield code="b">τάσεις και προοπτικές /</subfield>
   <subfield code="c">Προβόπουλος Γ. επιμ.</subfield>
  </datafield>
  <datafield tag="260" ind1=" " ind2=" ">
   <subfield code="a">Αθήνα :</subfield>
   <subfield code="b">ΙΟΒΕ,</subfield>
   <subfield code="c">1995.</subfield>
  </datafield>
  <datafield tag="300" ind1=" " ind2=" ">
   <subfield code="a">406 σ. ;</subfield>
   <subfield code="c">24 εκ.</subfield>
  </datafield>
  <datafield tag="500" ind1=" " ind2=" ">
   <subfield code="a">Περιέχει βιβλιογραφικές αναφορές</subfield>
  </datafield>
  <datafield tag="650" ind1=" " ind2="4">
   <subfield code="a">Χρηματοπιστωτικό σύστημα.</subfield>
  </datafield>
  <datafield tag="650" ind1=" " ind2="4">
   <subfield code="a">Νομισματική πολιτική</subfield>
   <subfield code="z">Ελλάδα.</subfield>
  </datafield>
  <datafield tag="650" ind1=" " ind2="4">
   <subfield code="a">Αμοιβαία κεφάλαια</subfield>
   <subfield code="z">Ελλάδα.</subfield>
  </datafield>
  <datafield tag="650" ind1=" " ind2="4">
   <subfield code="a">Τράπεζες και τραπεζικές εργασίες</subfield>
   <subfield code="z">Ελλάδα.</subfield>
  </datafield>
  <datafield tag="650" ind1=" " ind2="4">
   <subfield code="a">Monetary policy.</subfield>
  </datafield>
  <datafield tag="650" ind1=" " ind2="4">
   <subfield code="a">Capital market</subfield>
   <subfield code="y">Greece.</subfield>
  </datafield>
  <datafield tag="650" ind1=" " ind2="4">
   <subfield code="a">Banks and banking</subfield>
   <subfield code="z">Greece.</subfield>
  </datafield>
  <datafield tag="650" ind1=" " ind2="4">
   <subfield code="a">Financial institutions.</subfield>
  </datafield>
  <datafield tag="700" ind1="1" ind2=" ">
   <subfield code="a">Προβόπουλος, Γεώργιος Α.,</subfield>
   <subfield code="d">1950-</subfield>
   <subfield code="e">επιμ.</subfield>
  </datafield>
  <datafield tag="710" ind1="2" ind2=" ">
   <subfield code="a">Ινστιτούτο Οικονομικών και Βιομηχανικών Ερευνών.</subfield>
  </datafield>
  <datafield tag="852" ind1=" " ind2=" ">
   <subfield code="a">INST</subfield>
   <subfield code="b">UNIPILB</subfield>
   <subfield code="c">MAIN</subfield>
   <subfield code="e">20080204</subfield>
   <subfield code="h">332.09 ΕΛ</subfield>
   <subfield code="p">00124931</subfield>
   <subfield code="q">00124931</subfield>
   <subfield code="t">LOAN</subfield>
   <subfield code="y">0</subfield>
   <subfield code="4">3</subfield>
  </datafield>
  <datafield tag="852" ind1=" " ind2=" ">
   <subfield code="a">INST</subfield>
   <subfield code="b">UNIPILB</subfield>
   <subfield code="c">MAIN</subfield>
   <subfield code="e">20040709</subfield>
   <subfield code="h">332.09 ΕΛ</subfield>
   <subfield code="p">00131105</subfield>
   <subfield code="q">00131105</subfield>
   <subfield code="t">LOAN</subfield>
   <subfield code="y">0</subfield>
   <subfield code="4">1</subfield>
  </datafield>
  <datafield tag="852" ind1=" " ind2=" ">
   <subfield code="a">INST</subfield>
   <subfield code="b">UNIPILB</subfield>
   <subfield code="c">MAIN</subfield>
   <subfield code="e">20070221</subfield>
   <subfield code="h">332.09 ΕΛ</subfield>
   <subfield code="p">00152225</subfield>
   <subfield code="q">00152225</subfield>
   <subfield code="t">LOAN</subfield>
   <subfield code="y">0</subfield>
   <subfield code="4">2</subfield>
  </datafield>
  <datafield tag="852" ind1=" " ind2=" ">
   <subfield code="a">INST</subfield>
   <subfield code="b">UNIPILB</subfield>
   <subfield code="c">MAIN</subfield>
   <subfield code="e">20160607</subfield>
   <subfield code="h">332.09 ΕΛΛ</subfield>
   <subfield code="p">00174336</subfield>
   <subfield code="q">00174336</subfield>
   <subfield code="t">LOAN</subfield>
   <subfield code="y">0</subfield>
   <subfield code="4">4</subfield>
  </datafield>
 </record>
</collection>
